000 00332nam a2200133Ia 4500
008 231129s1990||||xx |||||||||||||| ||spa||
040 _bspa
082 _a923.41 R579L
100 _aRincón Fabio
245 0 _aLeyenda y verdad de El Mejicano
260 _c1990
264 _aBogota Colombia: Aquí­ y ahora
942 _2ddc
_cBKS
999 _c19188
_d19188